Famous People Named Day or Night 🌞🌚 - Statistics

General Stats
  • This quiz has been taken 93 times
  • The average score is 7 of 14
Answer Stats
Life Hint Answer % Correct
1957– Method actor of films like Lincoln Daniel Day-Lewis
85%
1820–1910 Founder of modern nursing who served in the Crimean War Florence Nightingale
84%
1985– Elizabeth Swann in the Pirates of the Caribbean franchise Keira Knightley
80%
1944– Empress of Soul who performed with the Pips Gladys Knight
70%
1922–2019 Actress of Calamity Jane and Pillow Talk Doris Day
68%
1970– Director of The Sixth Sense M. Night Shyamalan
55%
1930–2023 The first woman to serve as a U.S. Supreme Court justice Sandra Day O'Connor
55%
1955– Best known for playing Newman on Seinfeld Wayne Knight
45%
1976– Plays Charlie Kelly on It's Always Sunny in Philadelphia Charlie Day
43%
1970– Lead vocalist of New Kids on the Block Jordan Knight
29%
1819–1893 Civil War general who did not invent baseball Abner Doubleday
28%
1940–2023 College basketball coach nicknamed "the General" Bob Knight
25%
1981– Singer-songwriter of "She Says" and "Collide" Howie Day
18%
1928–1990 Singer of "Rockin' Robin" Bobby Day
11%
No matching quizzes found
Score Distribution
Percent of People with Each Score
Percentile by Number Answered
Your Score History
You have not taken this quiz